Algo sobre repartimientos

Guardado en:
Bibliografiske detaljer
Hovedforfatter: Martínez Peláez, Severo
Institution som forfatter: Universidad de San Carlos de Guatemala. Instituto de Investigaciones Económicas y Sociales
Format: Texto
Udgivet: Guatemala: Universidad de San Carlos de Guatemala
Tags: Tilføj Tag
Ingen Tags, Vær først til at tagge denne postø!

MARC

LEADER 00000 a a2200000 04500
001 20798
003
040 |a CRAI/IIS  |c CRAI/IIS 
090 |a 088800  
100 |a Martínez Peláez, Severo  
110 |a Universidad de San Carlos de Guatemala. Instituto de Investigaciones Económicas y Sociales  
245 |a Algo sobre repartimientos  
260 |a Guatemala:   |b Universidad de San Carlos de Guatemala  
300 |a 19 p.  
999 |c 17024  |d 17024